000 00631nam a2200217 a 4500
005 20240308063712.0
008 040422s1999 mx r 000 0 spa d
020 _a9507249060
035 _aUPN01000133037
049 _aCG
050 4 _aHV5824 Y6.8
_bB4.7
100 1 _aBecerra, Rosa María
245 1 0 _aTrabajo social en drogadicción /
_cRosa María Becerra.
260 _aBuenos Aires :
_bLumen/Hvmanitas,
_cc1999.
300 _a222 p.
650 4 _aDrogas y jóvenes
_91397
650 4 _aTRABAJO SOCIAL CON ADICTOS A NARCOTICOS
650 4 _aAbuso de drogas
_9242
650 2 _aDrogadicción
_95914
905 _aLibro
999 _c105190
_d105190